000 00428nam a2200133Ia 4500
008 100328s9999 xx 000 0 und d
082 _b60271
100 _aखाजगीवाले का.अ.
245 _aबोगदे खणा बोगदे.
260 _bगं्रथाली.
630 _aबोगदे खणा बोगदे.
730 _aबोगदे खणा बोगदे.
942 _cBOOK
999 _c546433
_d546430